[Event "19th Belgrade Trophy"]
[Site "Belgrade SRB"]
[Date "2006.11.22"]
[Round "1"]
[White "Markovic,Zi"]
[Black "Kolbert,E"]
[Result "1-0"]
[WhiteElo "1965"]
[BlackElo "2153"]

1.d4 Nf6 2.c4 g6 3.Nc3 Bg7 4.e4 d6 5.Be2 O-O 6.Nf3 e5 7.dxe5 dxe5 8.O-O Qe7
9.Bg5 c6 10.Qc2 h6 11.Bh4 Bg4 12.Rad1 Nbd7 13.a3 Nc5 14.b4 Bxf3 15.Bxf3 Ne6
16.Ne2 g5 17.Bg3 g4 18.Bxe5 gxf3 19.Bd6 Qd8 20.Bxf8 fxe2 21.Rxd8 exf1=Q+
22.Kxf1 Rxd8 23.Bxg7 Kxg7 24.f3 c5 25.e5 Nd7 26.Qe4 Nb6 27.Qh4 Rd4 28.Qf6+ Kg8
29.bxc5 Nxc4 30.Qe7 Nf4 31.Qxb7 Rd1+ 32.Kf2 Rd2+ 33.Kg3 Ne2+ 34.Kh4 Ne3 35.Kh5 Kg7
36.Qe4 Nxg2 37.Qg4+ Kf8 38.Kxh6 Ngf4 39.Qc8+ Ke7 40.h4 Ne6 41.c6 Rd4 42.Qb7+ Kf8
43.h5 Ng3 44.c7 Nf5+ 45.Kh7 Ne7 46.Qb8+ Nc8 47.Qxc8+ Ke7 48.Qxe6+  1-0

[Event "66th ch-ITA"]
[Site "Cremona ITA"]
[Date "2006.11.22"]
[Round "1"]
[White "Scalcione,M"]
[Black "Piscopo,P"]
[Result "1/2-1/2"]
[WhiteElo "2325"]
[BlackElo "2380"]

1.Nf3 Nf6 2.c4 g6 3.Nc3 Bg7 4.e4 d6 5.d4 O-O 6.Be2 e5 7.Be3 c6 8.dxe5 dxe5
9.Nd2 b6 10.c5 b5 11.a4 b4 12.Na2 a5 13.Nc1 Be6 14.Ncb3 Nbd7 15.Qc2 Ng4 16.Bxg4 Bxg4
17.Nc4 Be6 18.Rd1 Bxc4 19.Qxc4 Qc7 20.O-O Rfd8 21.Rd6 Nf8 22.Rfd1 Ne6 23.Kf1 Bf8
24.Rxd8 Rxd8 25.Rxd8 Qxd8 26.Ke2 Qa8 27.g3 Qa7 28.Kd1 h5  1/2-1/2

[Event "19th Belgrade Trophy"]
[Site "Belgrade SRB"]
[Date "2006.11.23"]
[Round "2"]
[White "Pucarevic,M"]
[Black "Pancevski,F"]
[Result "0-1"]
[WhiteElo "2228"]
[BlackElo "2333"]

1.d4 Nf6 2.Nf3 d6 3.c4 g6 4.Nc3 Bg7 5.e4 O-O 6.Be2 e5 7.Bg5 h6 8.Bh4 Nbd7
9.Qd2 exd4 10.Nxd4 Re8 11.O-O-O Nc5 12.f3 c6 13.Bf2 a5 14.Be3 Qb6 15.Nc2 a4
16.Qxd6 Nfd7 17.Bd4 Bf8 18.Qg3 Qa5 19.h4 Ne6 20.f4 Nxd4 21.Rxd4 Bg7 22.e5 Nc5
23.Rhd1 h5 24.Bf3 Bf5 25.Ne4 Nxe4 26.Bxe4 Bg4 27.Bf3 Be6 28.Qe1 Qc5 29.Qc3 f6
30.Qd3 fxe5 31.fxe5 Qxe5 32.Qxg6 a3 33.Be4 axb2+ 34.Kb1 Bf7 35.Qh7+ Kf8 36.Rf1 Re7
37.Bg6 Rae8 38.Rdf4 Qxf4  0-1

[Event "73rd ch-BRA"]
[Site "Guarulhos BRA"]
[Date "2006.11.24"]
[Round "1"]
[White "El Debs,F"]
[Black "Di Berardino,D"]
[Result "1-0"]
[WhiteElo "2325"]
[BlackElo "2370"]

1.d4 Nf6 2.c4 g6 3.Nc3 Bg7 4.e4 d6 5.Nf3 O-O 6.Be2 e5 7.Be3 Ng4 8.Bg5 f6
9.Bc1 exd4 10.Nxd4 f5 11.O-O fxe4 12.Bxg4 Bxg4 13.Qxg4 Bxd4 14.Nd5 Nc6 15.Bg5 Qc8
16.Qxe4 Bxb2 17.Rab1 Bg7 18.Rfe1 Rb8 19.Qh4 Rf7 20.Rb3 Qd7 21.Rh3 Be5 22.Kh1 Re8
23.Rhe3 Ref8 24.f4 Nd4 25.Re4 Ne6 26.Ne7+ Rxe7 27.Bxe7 Rxf4 28.Rxf4 Nxf4
29.Bg5 Ne6 30.Bh6 Qf7 31.Qe4 c6 32.Be3 a6 33.Rb1 Qc7 34.Qg4 Qd7 35.Bh6 b5
36.Rf1 Bg7 37.Bxg7 Kxg7 38.Re1 Kf6 39.Qh4+ Kg7 40.Qh3 Kf6 41.Qc3+ Kg5 42.Rd1 Nf4
43.Qg3+ Kf5 44.Rf1  1-0

[Event "ch-ESP Abierto"]
[Site "Leon ESP"]
[Date "2006.11.24"]
[Round "3"]
[White "Perez Aleman,P"]
[Black "Cabezas Ayala,I"]
[Result "1/2-1/2"]
[WhiteElo "2180"]
[BlackElo "2328"]

1.Nf3 Nf6 2.c4 g6 3.Nc3 Bg7 4.e4 d6 5.d4 O-O 6.Be2 e5 7.O-O Nbd7 8.Be3 c6
9.d5 Qe7 10.b4 c5 11.bxc5 Nxc5 12.Bxc5 dxc5 13.Rb1 Ne8 14.Nd2 f5 15.exf5 gxf5
16.Bh5 Nd6 17.Nb5 e4 18.Nxd6 Qxd6 19.Rb3 Kh8 20.Kh1 Bd4 21.Rh3 Bd7 22.Nb3 Bg7
23.f3 f4 24.Bg4 Bxg4 25.fxg4 Rae8 26.g5 f3 27.gxf3 e3 28.Qd3 h6 29.Re1 Qd7
30.Kg2 Qe7 31.gxh6 Bb2 32.Rg3  1/2-1/2

[Event "19th Belgrade Trophy"]
[Site "Belgrade SRB"]
[Date "2006.11.25"]
[Round "4"]
[White "Mirkovic,P"]
[Black "Jovanovic,Zo1 SCG"]
[Result "1/2-1/2"]
[WhiteElo "2080"]
[BlackElo "2267"]

1.d4 Nf6 2.c4 g6 3.Nc3 Bg7 4.e4 d6 5.Nf3 O-O 6.Be2 e5 7.O-O exd4 8.Nxd4 Re8
9.f3 Nc6 10.Nc2 Nh5 11.g4 Be5 12.f4 Bxc3 13.gxh5 Bg7 14.hxg6 fxg6 15.Bf3 Be6
16.b3 a5 17.Be3 a4 18.Nd4 axb3 19.Nxe6 Rxe6 20.Qd5 Qe8 21.Bg4 Nd8 22.e5 b2
23.Rad1 dxe5 24.fxe5 h5 25.Bh3 Kh7 26.Bxe6 Qxe6 27.Bd4 Rxa2 28.Qxe6 Nxe6
29.Bc3 g5 30.Rb1 Nf4 31.Bxb2 b6 32.Kh1 Nd3 33.e6 Nxb2 34.e7 Ra8 35.Rxb2 Bxb2
36.Rf8 Ba3 37.e8=Q Rxe8 38.Rxe8 Kg6 39.Kg2 Kf5 40.Rh8 h4 41.h3 Ke4 42.Rg8 Bc1
43.Rd8 Bf4 44.Rd5 Ke3 45.Rd1 Be5 46.Rd5 Bf4 47.Rd1 Ke2 48.Rd5 Be3 49.Rd7 Bf4
50.Rd5 Ke3 51.Rd1 c6 52.Rb1 Kd4 53.Rxb6 c5 54.Kf3 Kxc4 55.Ke4 Bc1 56.Rb7 Bf4
57.Rb1 Bd2  1/2-1/2

[Event "19th Belgrade Trophy"]
[Site "Belgrade SRB"]
[Date "2006.11.25"]
[Round "4"]
[White "Marcetic,N"]
[Black "Stefanovic,M"]
[Result "1-0"]
[WhiteElo "2367"]
[BlackElo "2056"]

1.d4 d6 2.Nf3 Nf6 3.c4 g6 4.Nc3 Bg7 5.e4 O-O 6.Be2 e5 7.Be3 exd4 8.Nxd4 Re8
9.f3 Nc6 10.Qd2 Nxd4 11.Bxd4 Be6 12.O-O Nd7 13.Bxg7 Kxg7 14.f4 f6 15.b3 Bf7
16.Bg4 Nc5 17.Rae1 a5 18.Qd4 Ne6 19.Bxe6 Bxe6 20.f5 Bf7 21.fxg6 hxg6 22.Rf3 Be6
23.Ref1 Rf8 24.Ne2 Qe7 25.Nf4 Bf7 26.Rg3 Qe5 27.Nh5+ Kh6 28.Qe3+ Kxh5 29.Rh3+ Kg4
30.Rh6  1-0

[Event "19th Belgrade Trophy"]
[Site "Belgrade SRB"]
[Date "2006.11.27"]
[Round "6"]
[White "Nestorovic,De"]
[Black "Pantovic,D"]
[Result "1-0"]
[WhiteElo "2401"]
[BlackElo "2206"]

1.d4 d6 2.c4 g6 3.Nc3 Bg7 4.e4 Nf6 5.Be2 O-O 6.Nf3 e5 7.O-O Na6 8.Re1 c6
9.Bf1 Bg4 10.d5 Ne8 11.Be2 Bd7 12.Rb1 c5 13.g3 Qe7 14.Nh4 f5 15.exf5 gxf5
16.f4 exf4 17.Bxf4 Bd4+ 18.Kg2 Qf6 19.Qd2 Ng7 20.Bg5 Qf7 21.Bd3 Rae8 22.Ne2 Bf6
23.a3 Bxg5 24.Qxg5 Re5 25.Nf3 Re7 26.Nf4 Rfe8 27.Rxe7 Rxe7 28.Nh4 Nc7 29.Rf1 Re3
30.Ne6 Rxd3 31.Nxf5  1-0

[Event "19th Belgrade Trophy"]
[Site "Belgrade SRB"]
[Date "2006.11.27"]
[Round "6"]
[White "Maksimovic,Ma"]
[Black "Jovanovic,Zo1 SCG"]
[Result "0-1"]
[WhiteElo "2138"]
[BlackElo "2267"]

1.d4 Nf6 2.c4 g6 3.Nc3 Bg7 4.e4 d6 5.Nf3 O-O 6.Be2 e5 7.Be3 c6 8.d5 Na6 9.Nd2 Ne8
10.g4 Nc5 11.h4 cxd5 12.cxd5 f5 13.f3 fxg4 14.fxg4 Nf6 15.b4 Nxg4 16.Bxc5 Bf6
17.Nc4 dxc5 18.Bxg4 Bxh4+ 19.Kd2 cxb4 20.Bxc8 bxc3+ 21.Kd3 Rxc8 22.Qg4 Rxc4
23.Qe6+ Kg7 24.Kxc4 Qc7+ 25.Kb3 Rf6 26.Rxh4 Rxe6 27.dxe6 Qb6+ 28.Kc4 g5 29.Rhh1 Qxe6+
30.Kxc3 b5 31.Kd3 Qc4+ 32.Ke3 Qc3+ 33.Ke2 Qd4 34.Kf3 Qd3+ 35.Kg4 Kg6  0-1

[Event "73rd ch-BRA"]
[Site "Guarulhos BRA"]
[Date "2006.11.27"]
[Round "5"]
[White "El Debs,F"]
[Black "Milos,G"]
[Result "1/2-1/2"]
[WhiteElo "2325"]
[BlackElo "2563"]

1.d4 Nf6 2.c4 g6 3.Nc3 Bg7 4.e4 d6 5.Nf3 O-O 6.Be2 Nbd7 7.O-O e5 8.Be3 h6
9.Ne1 Qe7 10.f3 c6 11.d5 c5 12.Qd2 Kh7 13.Nd3 Ng8 14.g4 f5 15.exf5 gxf5 16.gxf5 Ndf6
17.Nf2 Bxf5 18.Kh1 Nh5 19.Rg1 Rf7 20.Nce4 Raf8 21.Raf1 Qd8 22.Bd1 Ne7 23.Ng3 Nxg3+
24.Rxg3 Rf6 25.Rfg1 Rg6 26.Bc2 Rxg3 27.hxg3 Bxc2 28.Qxc2+ Kg8 29.Kg2 Nf5
30.Qe2 e4 31.Nxe4 Qg5 32.Rh1 Qg6 33.g4 Bd4  1/2-1/2

[Event "ch-ESP Abierto"]
[Site "Leon ESP"]
[Date "2006.11.28"]
[Round "7"]
[White "Santos Latasa,J"]
[Black "Rodriguez Perez,JosJ"]
[Result "0-1"]
[WhiteElo "1784"]
[BlackElo "2133"]

1.d4 Nf6 2.c4 g6 3.Nc3 Bg7 4.Nf3 O-O 5.e4 d6 6.Be2 e5 7.d5 h6 8.O-O Nbd7
9.b4 a5 10.bxa5 Rxa5 11.Nd2 Nc5 12.Bb2 Ra8 13.Qc2 Nfd7 14.a4 f5 15.Ba3 Nf6
16.Bxc5 dxc5 17.f3 f4 18.Nb3 Qe7 19.a5 g5 20.Na4 Nd7 21.Bd1 Rf6 22.Qf2 Bf8
23.Be2 h5 24.Nc3 Rg6 25.Nb5 Nf6 26.a6 Rxa6 27.Rxa6 bxa6 28.Na7 Bd7 29.Na5 Nh7
30.N7c6 Qf6 31.Rb1 g4 32.Rb7 g3 33.Qf1 gxh2+ 34.Kh1 Bh3 35.Kxh2 Rxg2+ 36.Qxg2+ Bxg2
37.Kxg2 Bd6 38.Rb8+ Kg7 39.Rd8 Nf8 40.Nb7 Qg6+ 41.Kh1 Qg3 42.Bf1 Qxf3+ 43.Bg2 Qd1+
44.Kh2 f3 45.Nxd6 cxd6 46.Bh3 f2 47.Rc8 Qg1+  0-1

[Event "66th ch-ITA"]
[Site "Cremona ITA"]
[Date "2006.11.29"]
[Round "7"]
[White "Scalcione,M"]
[Black "Manca,F"]
[Result "0-1"]
[WhiteElo "2325"]
[BlackElo "2425"]

1.Nf3 Nf6 2.c4 g6 3.Nc3 Bg7 4.e4 d6 5.d4 O-O 6.Be2 e5 7.d5 Nh5 8.g3 a5 9.Nd2 Nf6
10.Nf1 Na6 11.g4 Nc5 12.Ng3 c6 13.Be3 cxd5 14.cxd5 Bd7 15.f3 a4 16.Qd2 Qa5
17.Nd1 Qxd2+ 18.Kxd2 h5 19.g5 Nh7 20.h4 f6 21.Nf2 fxg5 22.hxg5 Rf4 23.Rab1 Nxg5
24.Bxf4 exf4 25.Nf1 Bd4 26.Nd3 Nxd3 27.Kxd3 Bb6 28.Nd2 Bb5+ 29.Nc4 Nf7 30.Kd2 Bxc4
31.Bxc4 Ne5 32.Be2 Rc8 33.Bd1 Be3+ 34.Ke2 b5 35.b3 a3 36.b4 Kf7 37.Rb3 Bc1
38.Rh2 Kf6 39.Ke1 Bb2 40.Rc2 Rxc2 41.Bxc2 g5 42.Kf2 g4 43.fxg4 hxg4 44.Bd1 Kg5
45.Be2 f3 46.Kg3 fxe2 47.Re3 Nd3  0-1

[Event "19th Belgrade Trophy"]
[Site "Belgrade SRB"]
[Date "2006.11.30"]
[Round "9"]
[White "Stefanovic,M"]
[Black "Spasojevic,M"]
[Result "0-1"]
[WhiteElo "2056"]
[BlackElo "2188"]

1.d4 Nf6 2.Nf3 g6 3.c4 Bg7 4.Nc3 O-O 5.e4 d6 6.Be2 Nbd7 7.O-O e5 8.Qc2 c6
9.Rd1 Qe7 10.d5 c5 11.a3 Nh5 12.g3 Bf6 13.b4 b6 14.Rb1 Qd8 15.Ne1 Ng7 16.Ng2 Be7
17.Rf1 f5 18.Bh6 fxe4 19.Bxg7 Kxg7 20.Nxe4 Nf6 21.Nxf6 Bxf6 22.bxc5 bxc5
23.f4 Bh3 24.fxe5 Bxe5 25.Bd3 Qg5 26.Kh1 Rab8 27.Rxb8 Rxb8 28.Qf2 Qe7 29.Rb1 Rxb1+
30.Bxb1 Qf6 31.Nf4 Bxf4 32.Qxf4 Qxf4 33.gxf4 Kf6 34.Bd3 Bf5 35.Be2 Be4+ 36.Kg1 Kf5
37.Kf2 Kxf4 38.Bf1 g5 39.Be2 g4 40.Bf1 h5 41.Be2 h4 42.Bf1 Bf3  0-1

[Event "66th ch-ITA"]
[Site "Cremona ITA"]
[Date "2006.12.02"]
[Round "10"]
[White "Scalcione,M"]
[Black "Vocaturo,D"]
[Result "0-1"]
[WhiteElo "2325"]
[BlackElo "2441"]

1.Nf3 Nf6 2.c4 g6 3.Nc3 Bg7 4.e4 d6 5.d4 O-O 6.Be2 e5 7.d5 a5 8.Bg5 Na6 9.Nd2 Qe8
10.a3 Bd7 11.b3 Kh8 12.h4 Ng8 13.h5 f5 14.Nf3 Bh6 15.Qd2 f4 16.Bxh6 Nxh6
17.Ng5 Qe7 18.Nf3 g5 19.Rb1 c6 20.dxc6 bxc6 21.Rd1 Nf7 22.Na4 Be6 23.Qc3 Rfb8
24.h6 g4 25.Nd2 Nc5 26.Nxc5 dxc5 27.g3 f3 28.Bd3 Rd8 29.Nf1 Rd4 30.Ne3 Qg5
31.Nc2 Rd7 32.Bf1 Rad8 33.Ne3 Qxe3+  0-1

[Event "90th ch-Marshall CC"]
[Site "New York USA"]
[Date "2006.12.02"]
[Round "2"]
[White "Sarkar,J"]
[Black "Ehlvest,J"]
[Result "0-1"]
[WhiteElo "2380"]
[BlackElo "2597"]

1.d4 Nf6 2.c4 g6 3.Nc3 Bg7 4.e4 d6 5.Nf3 O-O 6.Be2 Na6 7.O-O e5 8.Re1 Qe8
9.Bf1 Bg4 10.d5 Nb4 11.Be2 a5 12.a3 Na6 13.Nd2 Bxe2 14.Rxe2 Bh6 15.b3 Nc5
16.Rb1 Nh5 17.g3 Qd7 18.Kg2 f5 19.b4 axb4 20.axb4 Na4 21.Nxa4 Rxa4 22.exf5 Bxd2
23.Bxd2 gxf5 24.Bh6 Rfa8 25.Rb3 Ra2 26.Rf3  0-1

[Event "90th ch-Marshall CC"]
[Site "New York USA"]
[Date "2006.12.02"]
[Round "2"]
[White "Sarkar,J"]
[Black "Ehlvest,J"]
[Result "0-1"]
[WhiteElo "2380"]
[BlackElo "2597"]

1.d4 Nf6 2.c4 g6 3.Nc3 Bg7 4.e4 d6 5.Nf3 O-O 6.Be2 Na6 7.O-O e5 8.Re1 Qe8
9.Bf1 Bg4 10.d5 Nb4 11.Be2 a5 12.a3 Na6 13.Nd2 Bxe2 14.Rxe2 Bh6 15.b3 Nc5
16.Rb1 Nh5 17.g3 Qd7 18.Kg2 f5 19.b4 axb4 20.axb4 Na4 21.Nxa4 Rxa4 22.exf5 Bxd2
23.Bxd2 Rxf5 24.Bh6 Ra8 25.Rb3  0-1

[Event "XV Asiad Women's Rapid"]
[Site "Doha QAT"]
[Date "2006.12.03"]
[Round "4"]
[White "Aketaeva,D"]
[Black "Sabirova,O"]
[Result "1/2-1/2"]
[WhiteElo "2312"]
[BlackElo "2230"]

1.d4 Nf6 2.c4 g6 3.Nc3 Bg7 4.e4 d6 5.Nf3 O-O 6.Be2 e5 7.Be3 Na6 8.O-O c6
9.Qc1 exd4 10.Nxd4 Re8 11.f3 Nc7 12.Rd1 Qe7 13.Bg5 d5 14.cxd5 cxd5 15.exd5 Qc5
16.Kh1 Nfxd5 17.Nxd5 Qxc1 18.Raxc1 Nxd5 19.Bb5 Re5 20.f4 Re4 21.Nb3 Be6 22.Nc5 Rb4
23.Nxe6 fxe6 24.Bd7 Kf7 25.Re1 Rb6 26.Rc2 Rd6 27.Bb5 a6 28.Ba4 Bf6 29.Bxf6 Kxf6
30.Bb3 Re8 31.Rce2 Re7 32.g3 b5 33.Kg2 Rc7 34.Kf3 a5 35.a3 a4 36.Ba2 Rcc6
37.g4 Nb6 38.g5+ Kf7 39.Re5 Nc4 40.Rxb5 Rd3+ 41.Kf2 Rd4 42.Rb7+ Kf8 43.Bxc4 Rxf4+
44.Kg2 Rcxc4 45.Rxh7 Rg4+ 46.Kh3 Rxg5 47.Rf1+ Kg8 48.Ra7 Rh5+ 49.Kg3 Rg5+
50.Kh3 Rh5+ 51.Kg3 Rg5+ 52.Kh3 Rh5+ 53.Kg3  1/2-1/2

[Event "90th ch-Marshall CC"]
[Site "New York USA"]
[Date "2006.12.03"]
[Round "4"]
[White "Sloan Aravena,P"]
[Black "Waxman,M"]
[Result "0-1"]
[WhiteElo "2250"]
[BlackElo "2033"]

1.d4 d6 2.Nf3 Nf6 3.c4 g6 4.Nc3 Bg7 5.e4 O-O 6.Be2 e5 7.d5 Nbd7 8.Bg5 a5
9.Qd2 Nc5 10.h3 Qe8 11.Qe3 Nh5 12.Nb5 Qd7 13.O-O-O Nf4 14.Bf1 f5 15.g3 fxe4
16.Ne1 Nfd3+ 17.Nxd3 exd3 18.Bxd3 Qf7 19.Rdf1 h6 20.Bh4 Nxd3+ 21.Qxd3 g5
22.f4 e4 23.Qxe4 Bf5 24.Qf3 gxh4 25.g4 Bd7 26.Nc3 c6 27.Ne4 Kh8 28.f5 Be5
29.f6 cxd5 30.cxd5 Rac8+ 31.Kb1 Qg6 32.Ka1 Rc2 33.Rb1 a4 34.Qd3 Rcc8 35.a3 Rxf6
36.Rhg1 Rf4 37.Rbe1 Rcf8 38.Ka2 b5 39.Qb1 Rc8 40.Rgf1 Rcf8 41.Rxf4 Rxf4 42.Qc2 Qf7
43.Qd1 Bc6 44.Ka1 Qxd5  0-1

[Event "ch-ROM"]
[Site "Predeal ROM"]
[Date "2006.12.04"]
[Round "8"]
[White "Dragomirescu,C"]
[Black "Barzanu,I"]
[Result "1/2-1/2"]
[WhiteElo "2247"]
[BlackElo "2198"]

1.d4 d6 2.Nf3 g6 3.c4 Bg7 4.Nc3 Nf6 5.e4 O-O 6.Be2 e5 7.Be3 Nbd7 8.O-O c6
9.d5 c5 10.Nd2 Ne8 11.a3 f5 12.exf5 gxf5 13.f3 Qh4 14.Qe1 Qf6 15.Rc1 Kh8
16.g3 Rg8 17.b4 b6 18.Bd1 cxb4 19.axb4 a5 20.bxa5 Nc5 21.Bxc5 bxc5 22.Nb3 Bd7
23.Nb5 h5 24.Ra1 Bh6  1/2-1/2

[Event "ch-ROM w"]
[Site "Predeal ROM"]
[Date "2006.12.04"]
[Round "8"]
[White "Dragomirescu,An"]
[Black "Ionica,I"]
[Result "0-1"]
[WhiteElo "2237"]
[BlackElo "2231"]

1.d4 Nf6 2.c4 g6 3.Nc3 Bg7 4.e4 d6 5.Nf3 O-O 6.Be2 Nbd7 7.O-O e5 8.d5 a5
9.Qc2 Nc5 10.b3 Nh5 11.Bg5 f6 12.Be3 Bd7 13.Ne1 Nf4 14.Nd3 Ncxd3 15.Bxd3 f5
16.f3 Nh5 17.c5 f4 18.Bf2 g5 19.Nb5 g4 20.fxg4 Bxg4 21.cxd6 cxd6 22.Qc7 Qg5
23.h4 Qg6 24.Qxd6 Bf6 25.Kh2 Ng3 26.Rfc1 Qh6 27.Kg1 Qxh4 28.Bc5 Qh1+ 29.Kf2  0-1

[Event "Open A"]
[Site "Benidorm ESP"]
[Date "2006.12.06"]
[Round "6"]
[White "Perez,Yo"]
[Black "Stubberud,O"]
[Result "1-0"]
[WhiteElo "2290"]
[BlackElo "2183"]

1.d4 Nf6 2.Nf3 g6 3.c4 Bg7 4.Nc3 O-O 5.e4 d6 6.Be2 e5 7.Be3 Na6 8.O-O Ng4
9.Bg5 Qe8 10.h3 h6 11.Bc1 Nf6 12.dxe5 dxe5 13.Be3 Qe7 14.Nd5 Qd8 15.Nxf6+ Qxf6
16.Qa4 c6 17.Rfd1 Qe7 18.a3 f5 19.b4 f4 20.Bd2 g5 21.c5 Nc7 22.Bc3 Kh7 23.Qc2 a6
24.Qb2 Re8 25.Nd2 Nb5 26.Nc4 Nxc3 27.Qxc3 Be6 28.Nd6 Red8 29.Bg4 Bf7 30.a4 h5
31.Bf5+ Bg6 32.Rd2 Bf6 33.Rad1 Bxf5 34.Nxf5 Qe8 35.Rd6 Kg6 36.a5 Rxd6 37.Rxd6 Rd8
38.Qc4 Qf7 39.Qd3 Qe8 40.Rxd8 Qxd8 41.Qb3 g4 42.Qe6  1-0

[Event "12th Open"]
[Site "Navalmoral de la Mata ESP"]
[Date "2006.12.06"]
[Round "2"]
[White "Molina,Jo"]
[Black "Strikovic,A"]
[Result "0-1"]
[WhiteElo "2181"]
[BlackElo "2535"]

1.d4 d6 2.Nf3 g6 3.c4 Bg7 4.Nc3 Nf6 5.e4 O-O 6.Be2 e5 7.O-O Na6 8.Be3 Ng4
9.Bg5 f6 10.Bc1 c6 11.h3 Nh6 12.Be3 Nf7 13.Qc2 f5 14.dxe5 dxe5 15.Rad1 Qe7
16.a3 f4 17.Bc1 Nc5 18.b4 Ne6 19.Bb2 Nd4 20.Nxd4 exd4 21.Nb1 Rd8 22.c5 Be6
23.Bc4 f3 24.Bxe6 Qxe6 25.Nd2 fxg2 26.Kxg2 a5 27.Nf3 d3 28.Qd2 Bxb2 29.Qxb2 Qxe4
30.Rfe1 Qf5 31.Re7 axb4 32.axb4 Rd5 33.Rde1 Rf8 34.R1e3 Rd7 35.Qc3 Rxe7 36.Rxe7 Ne5
37.Qxe5 Qxf3+ 38.Kg1 Qxf2+ 39.Kh1 Qf1+ 40.Kh2 Rf2+ 41.Kg3 Rg2+  0-1

[Event "Open A"]
[Site "Benidorm ESP"]
[Date "2006.12.07"]
[Round "7"]
[White "Goormachtigh,J"]
[Black "Taboas Rodriguez,D"]
[Result "0-1"]
[WhiteElo "2235"]
[BlackElo "2296"]

1.d4 Nf6 2.c4 g6 3.Nc3 Bg7 4.e4 d6 5.Be2 O-O 6.Nf3 e5 7.Be3 Nbd7 8.d5 Ng4
9.Bd2 f5 10.Ng5 Nc5 11.b4 fxe4 12.O-O e3 13.Bxg4 exd2 14.Bxc8 Qxg5 15.bxc5 Raxc8
16.Ne4 Qf4 17.Qe2 Rfd8 18.Rab1 b6 19.c6 Bh6 20.Rb3 Qf7 21.Rh3 Kg7 22.Rb1 Rf8
23.Rbb3 Qf4 24.Rbd3 Qf5 25.Ng3 Qf7 26.Ne4 Qe7 27.a4 Rf5 28.Ng3 Rf7 29.Ne4 Rcf8
30.f3 Bf4 31.Qd1 Rf5 32.Qe2 Bh6 33.Rg3 Qh4 34.Rb3 Bf4 35.Rb1 Bxg3 36.hxg3 Qe7
37.Qxd2 Rh5 38.a5 Rf4 39.g4 Rh4 40.axb6 axb6 41.Kf2 h5 42.Rf1  0-1

[Event "3rd Rapid Masters"]
[Site "Benidorm ESP"]
[Date "2006.12.08"]
[Round "5"]
[White "Taboas Rodriguez,D"]
[Black "Vassallo,M"]
[Result "1-0"]
[WhiteElo "2296"]
[BlackElo "2380"]

1.d4 Nf6 2.Nf3 g6 3.c4 Bg7 4.Nc3 d6 5.e4 O-O 6.Be2 e5 7.Be3 Na6 8.d5 Ng4
9.Bg5 f6 10.Bh4 Nh6 11.Nd2 Qe8 12.O-O g5 13.Bg3 f5 14.exf5 Nxf5 15.Nde4 Qd8
16.Bg4 b6 17.Re1 Nc5 18.b4 Nxe4 19.Nxe4 a5 20.a3 h6 21.h3 Nd4 22.Bxc8 Qxc8
23.Rc1 axb4 24.axb4 Qf5 25.c5 bxc5 26.bxc5 Qg6 27.cxd6 cxd6 28.Rc7 h5 29.Rd7 Nf5
30.f3 Rf7 31.Rxf7 Qxf7 32.Bf2 Ra5 33.Nxg5 Qg6 34.Ne4 Ne7 35.Qb3 Qf7 36.Qb8+ Bf8
37.Qxd6 Nxd5 38.Qxe5 Bg7 39.Qb8+ Qf8 40.Qb3 Qb4 41.Qc2 Qa4 42.Qc8+ Kh7 43.Qf5+ Kg8
44.Ng5 Nf6 45.Qc8+ Bf8 46.Qe6+  1-0

[Event "Open"]
[Site "Granada ESP"]
[Date "2006.12.08"]
[Round "7"]
[White "Djuric,S"]
[Black "Matamoros Franco,C"]
[Result "1/2-1/2"]
[WhiteElo "2468"]
[BlackElo "2534"]

1.d4 Nf6 2.Nf3 g6 3.c4 Bg7 4.Nc3 O-O 5.e4 d6 6.Be2 Na6 7.O-O e5 8.d5 Nc5
9.Qc2 a5 10.Bg5 h6 11.Be3 b6 12.Nd2 Bg4 13.h3 Bxe2 14.Nxe2 Nh5 15.Nb3 f5
16.exf5 gxf5 17.Nxc5 bxc5 18.Ng3 Nxg3 19.fxg3 Qd7 20.Rf2 a4 21.Raf1 e4 22.g4 fxg4
23.Rxf8+ Rxf8 24.Rxf8+ Kxf8 25.Qxe4 gxh3 26.Qf3+ Kg8 27.gxh3 Qe8 28.Kg2 Qg6+
29.Qg4 Qc2+ 30.Kf3 Qd1+ 31.Kf2 Qc2+ 32.Kf3 Qd1+  1/2-1/2

[Event "22nd Voivoda Cup"]
[Site "Legnica POL"]
[Date "2006.12.08"]
[Round "2"]
[White "Schmidt,Wl"]
[Black "Szelag,M"]
[Result "1/2-1/2"]
[WhiteElo "2435"]
[BlackElo "2472"]

1.d4 Nf6 2.c4 g6 3.Nc3 Bg7 4.e4 d6 5.Nf3 O-O 6.Be2 Na6 7.O-O e5 8.Be3 Ng4
9.Bg5 Qe8 10.dxe5 dxe5 11.h3 h6 12.Bd2 Nf6 13.Be3 Qe7 14.Nd5 Qd8 15.Nxf6+ Qxf6
16.c5 Nb8 17.Bc4 Nc6 18.a3 Re8 19.b4 a5 20.Rb1 axb4 21.axb4 g5 22.Nd2 Nd4
23.Re1 Bd7 24.Bxd4 exd4 25.Qb3 Qf4 26.Re2 Re7 27.Rbe1 Rae8 28.Qd3 Kf8 29.Nf3 Bc6
30.Nd2 Bd7 31.Nf3 Bc6 32.Nd2 Bd7  1/2-1/2

[Event "13th Open A"]
[Site "Zadar CRO"]
[Date "2006.12.12"]
[Round "2"]
[White "Arnaudov,P"]
[Black "Plenkovic,Z"]
[Result "1-0"]
[WhiteElo "2215"]
[BlackElo "2380"]

1.Nf3 Nf6 2.c4 g6 3.Nc3 Bg7 4.d4 O-O 5.e4 d6 6.Be2 e5 7.O-O exd4 8.Nxd4 Re8
9.f3 Nc6 10.Be3 Nh5 11.Qd2 f5 12.Rfd1 Qh4 13.c5 fxe4 14.Bc4+ Kh8 15.Nxe4 Rxe4
16.fxe4 Qxe4 17.Nxc6 Qxc4 18.cxd6 cxd6 19.Rac1 Qxa2 20.Qxd6 bxc6 21.Qxc6 Bb7
22.Qxb7 Qg8 23.Bxa7 Nf4 24.Rc7 Rf8 25.Kh1 Ne6 26.Rcd7 h5 27.b4 Rf4 28.b5 Qf8
29.Qb8 Qxb8 30.Bxb8 Rb4 31.Rb7 Bd4 32.Bd6 Rb3 33.Re7 Ng7 34.Be5 Bxe5 35.Rxe5 Nf5
36.Re6 Kh7 37.b6 h4 38.Kg1 Kh6 39.Rd7 Kg5 40.b7 h3 41.gxh3  1-0

[Event "TCh-NED 2006-7"]
[Site "Netherlands NED"]
[Date "2006.12.16"]
[Round "4"]
[White "Abeln,M"]
[Black "Brandenburg,D"]
[Result "1/2-1/2"]
[WhiteElo "2380"]
[BlackElo "2392"]

1.d4 Nf6 2.c4 g6 3.Nc3 Bg7 4.e4 d6 5.Nf3 O-O 6.Be2 e5 7.Be3 Na6 8.O-O Ng4
9.Bg5 Qe8 10.Re1 f6 11.Bc1 Nh6 12.Rb1 c6 13.b4 Nf7 14.dxe5 dxe5 15.b5 Nc5
16.Ba3 b6 17.Bxc5 bxc5 18.Na4 cxb5 19.cxb5 Qe7 20.Qc2 Bb7 21.Qxc5 Nd6 22.Rbd1 Rfd8
23.Bc4+ Kh8 24.Bd5 Rac8 25.Qb4 Bf8 26.Nc3 Qc7 27.Bxb7 Nxb7 28.Rxd8 Qxd8 29.Qb2 Qd3
30.Re3 Qc4 31.Nd5 Kg7 32.Rc3 Qa4 33.h3 Rxc3 34.Nxc3  1/2-1/2

[Event "6th Amplico AIG Life"]
[Site "Warsaw POL"]
[Date "2006.12.16"]
[Round "1"]
[White "Rogulis,U"]
[Black "Socko,M"]
[Result "0-1"]
[WhiteElo "1842"]
[BlackElo "2473"]

1.d4 Nf6 2.c4 g6 3.Nc3 Bg7 4.e4 d6 5.Be2 O-O 6.Nf3 e5 7.Be3 Ng4 8.Qd2 Nxe3
9.Qxe3 Nc6 10.d5 Nd4 11.Rc1 c5 12.O-O f5 13.Qd2 Qf6 14.h3 Bd7 15.Nh2 Rae8
16.Bf3 Qh4 17.Qd3 Bh6 18.Rce1 Kh8 19.Bd1 Re7 20.Nf3 Qf6 21.Nh2 Ref7 22.a3 Rg7
23.b4 b6 24.Nf3 Bf4 25.Nh2 Bxh2+ 26.Kxh2 f4 27.Rh1 Qh4 28.Kg1 g5 29.Nb1 Qh6
30.Nd2 Qg6 31.Bg4 Be8 32.b5 h5 33.Bf5 Nxf5 34.exf5 Rxf5 35.Ne4 Bd7 36.Qc3 Kg8
37.a4 f3 38.gxf3 Rf4 39.Ng3 h4 40.Ne4 g4 41.hxg4 Bxg4 42.Kh2 Rxf3 43.Qc1 Rh3+  0-1

[Event "13th Open A"]
[Site "Zadar CRO"]
[Date "2006.12.17"]
[Round "9"]
[White "Jovanic,O"]
[Black "Zivkovic,Vj"]
[Result "1-0"]
[WhiteElo "2458"]
[BlackElo "2412"]

1.d4 Nf6 2.c4 g6 3.Nc3 Bg7 4.e4 d6 5.Nf3 O-O 6.Be2 e5 7.Be3 exd4 8.Nxd4 Re8
9.f3 c6 10.Bf2 d5 11.exd5 cxd5 12.O-O Nc6 13.c5 Nh5 14.Qd2 Be5 15.g3 Ng7
16.Rfd1 Ne6 17.Nxe6 fxe6 18.Rac1 Bg7 19.f4 Rf8 20.Nb5 Qf6 21.Bg4 Kh8 22.Nd6 Bd7
23.b4 a6 24.a3 Rab8 25.a4 Na7 26.Qc2 Qe7 27.Re1 Nc8 28.Nxb7 Rxb7 29.c6 Bxc6
30.Qxc6 Qxb4 31.Rxe6 Ne7 32.Qxa6 g5 33.Qd6 Qxd6 34.Rxd6 gxf4 35.Rb6 Ra7 36.Rb4 Ra6
37.Be2 Re6 38.Bd3 fxg3 39.hxg3 Bh6 40.Re1 Rxe1+ 41.Bxe1 Be3+ 42.Kg2 Nc6 43.Rh4 h6
44.Bb5 Ne7 45.Bc3+ Kh7 46.Rg4 Rf2+ 47.Kh3 Nf5 48.Bd3 d4 49.Bxd4 Bxd4 50.Rxd4 Kg7
51.Rg4+ Kf6 52.Bxf5  1-0

[Event "XIX Carlos Torre Mem KO"]
[Site "Merida MEX"]
[Date "2006.12.18"]
[Round "1.1"]
[White "Nogueiras,J"]
[Black "De la Paz,F"]
[Result "1/2-1/2"]
[WhiteElo "2554"]
[BlackElo "2442"]

1.d4 Nf6 2.c4 g6 3.Nc3 Bg7 4.e4 d6 5.Nf3 O-O 6.Be2 c6 7.O-O e5 8.Re1 Na6
9.Bf1 Qe7 10.Rb1 Bg4 11.d5 c5 12.a3 Nh5 13.h3 Bd7 14.g3 f5 15.Bg2  1/2-1/2

[Event "Sub-Zt 2.3.4"]
[Site "Bogota COL"]
[Date "2006.12.21"]
[Round "6"]
[White "Guerrero,JuC"]
[Black "Gonzalez,Se"]
[Result "1-0"]
[WhiteElo "2073"]
[BlackElo "2307"]

1.d4 Nf6 2.c4 g6 3.Nc3 Bg7 4.e4 d6 5.Be2 O-O 6.Nf3 Na6 7.O-O e5 8.Be3 c6
9.d5 c5 10.Nd2 h6 11.f4 exf4 12.Bxf4 Qe7 13.Nb5 Ne8 14.Qe1 Nb4 15.Qg3 Nc2
16.Rab1 Nd4 17.Nxd4 Bxd4+ 18.Kh1 Kh7 19.Nf3 Bg7 20.Bd3 f5 21.Rbe1 Qf6 22.e5 dxe5
23.Bxe5 Qf7 24.Qh4 Bf6 25.Bxf6 Qxf6 26.Re7+ Ng7 27.Qxf6 Rxf6 28.Rfe1 f4 29.Rc7 Kg8
30.Nh4 Bf5 31.Nxf5 Nxf5 32.Bxf5 Rxf5 33.Ree7 b6 34.Rg7+ Kf8 35.Rh7 Kg8 36.Rxa7 Re5
37.Rxa8+ Kxh7 38.Ra7+ Kg8 39.Kg1 Re2 40.b3 Kf8 41.Ra6 Kf7 42.a4 Kf6 43.Rxb6+ Kf5
44.Rc6 g5 45.Rxc5 Ke5 46.Rc8 Rd2 47.Re8+ Kf5 48.a5 g4 49.a6 Ra2 50.d6 g3
51.hxg3 Rxa6 52.d7 fxg3 53.Rf8+  1-0

[Event "Sub-Zt 2.3.4"]
[Site "Bogota COL"]
[Date "2006.12.22"]
[Round "8"]
[White "Beltran,C"]
[Black "Sanchez,V"]
[Result "1/2-1/2"]
[WhiteElo "2281"]
[BlackElo "2267"]

1.Nf3 Nf6 2.d4 g6 3.c4 Bg7 4.Nc3 O-O 5.e4 d6 6.Be2 e5 7.d5 a5 8.Bg5 h6 9.Bh4 Na6
10.Nd2 Qd7 11.O-O h5 12.Qc2 Nh7 13.f3 Bh6 14.a3  1/2-1/2